Conflictos interculturales
Na minha lista:
| Autor principal: | |
|---|---|
| Formato: | Livro |
| Idioma: | espanhol |
| Publicado em: |
Barcelona
Gedisa
2011
|
| Edição: | 1a. ed |
| Colecção: | Cultura
|
| Assuntos: | |
| Tags: |
Adicionar Tag
Sem tags, seja o primeiro a adicionar uma tag!
|
MARC
| LEADER | 00000cam a2200000 a 4500 | ||
|---|---|---|---|
| 001 | UCG9262 | ||
| 003 | CL-VaPUC | ||
| 008 | 120302e20110600SP |||||||||||||||||spa|d | ||
| 020 | |a 9788497843270 | ||
| 082 | 0 | 4 | |a 370.117 |b GAR |2 21 |
| 100 | 0 | |a García Canclini, Néstor |e author |9 555898 | |
| 245 | 1 | 0 | |a Conflictos interculturales |
| 250 | |a 1a. ed | ||
| 300 | |a 179 p | ||
| 942 | |c BK | ||
| 945 | |d 20120302 00:00:00 |a dcastane | ||
| 260 | |a Barcelona |b Gedisa |c 2011 | ||
| 650 | 0 | |a Integración latinoamericana |9 307692 | |
| 650 | 0 | |a Educación multicultural |9 468257 | |
| 650 | 0 | |a Identidad cultural |9 319131 | |
| 650 | 0 | |a Sociología |9 255410 | |
| 650 | 0 | |a Problemas sociales |9 258537 | |
| 583 | |a last modification |c 20120814 03:57:59 |k Rodrigo Vera | ||
| 490 | 0 | |a Cultura | |
| 999 | |c 346823 |d 346821 | ||
| 952 | |0 0 |1 0 |4 0 |6 370_117000000000000_GAR_2011 |7 0 |8 A |9 447653 |a BIBARQ |b BIBARQ |d 2019-11-22 |i 4814525 |l 1 |o 370.117 GAR 2011 |p 4814525 |r 2025-01-20 |s 2022-06-13 |w 2019-11-22 |y BK |k ARQ | ||
| 952 | |0 0 |1 0 |4 0 |6 370_117000000000000_GAR_2011 |7 0 |8 A |9 447654 |a BIBGIM |b BIBGIM |d 2019-11-22 |i 4894642 |l 1 |o 370.117 GAR 2011 |p 4894642 |r 2025-01-15 |s 2024-07-03 |w 2019-11-22 |y BK |k SSL | ||